| 000 | 00556cam a22002051 4500 | ||
|---|---|---|---|
| 001 | he 66000962 | ||
| 003 | DLC | ||
| 005 | 20260227111439.0 | ||
| 008 | 830526s1962 is 000 1 heb | ||
| 010 | _ahe 66000962 | ||
| 035 | _a(OCoLC)19140036 | ||
| 040 |
_aDLC _cMH _dCU _dDLC |
||
| 042 | _apremarc | ||
| 050 | 0 | 0 |
_aPJ5053.E9 _bA9 |
| 100 | 0 |
_aʻEver-Hadani, _d1899- |
|
| 245 | 1 | 0 |
_aAsher neshamah be-apam : _bsipurim / _cʻEver ha-Dani. |
| 260 |
_aTel Aviv : _bMasadah, _c723 [1962 or 1963] |
||
| 300 |
_a241 p. ; _c19 cm. |
||
| 752 |
_aIsrael _dTel Aviv |
||
| 999 |
_c31762 _d31762 |
||